Naradiya siksa: (Record no. 181207)

000 -LEADER
fixed length control field 00434nam a22001577a 4500
020 ## - INTERNATIONAL STANDARD BOOK NUMBER
ISBN 9788194118282
082 ## - DEWEY DECIMAL CLASSIFICATION NUMBER
Classification number 294.592 1
Item number USH/N
100 ## - MAIN ENTRY--AUTHOR NAME
Personal name Usha R Bhise
245 ## - TITLE STATEMENT
Title Naradiya siksa:
Sub Title with the commentary of bhatta sobhakara/
Statement of responsibility, etc by Usha R Bhise
260 ## - PUBLICATION, DISTRIBUTION, ETC. (IMPRINT)
Place of publication Poona:
Name of publisher Bhandarkar Oriental Research Institute,
Year of publication 1986.
300 ## - PHYSICAL DESCRIPTION
Number of Pages 145p.
650 ## - SUBJECT ADDED ENTRY--TOPICAL TERM
Topical Term Vedic Literatue
650 ## - SUBJECT ADDED ENTRY--TOPICAL TERM
Topical Term Hinduism
650 ## - SUBJECT ADDED ENTRY--TOPICAL TERM
Topical Term Religion
942 ## - ADDED ENTRY ELEMENTS (KOHA)
Koha item type Book
Holdings
Withdrawn status Lost status Damaged status Not for loan Permanent Location Current Location Shelving location Date acquired Cost, normal purchase price Full call number Accession Number Price effective from Koha item type
        Sree Sankaracharya University of Sanskrit Sree Sankaracharya University of Sanskrit Stacks 07.04.2026 100.00 294.592 1 USH/N 108413 07.04.2026 Book